| 000 | 00547nam a2200157 a 4500 | ||
|---|---|---|---|
| 008 | 120416s0000 ||||||||||||||||| || u | ||
| 020 | _a0859694747 | ||
| 050 | _aRG 186 Mac | ||
| 100 | _aMackenzie, Raewyn | ||
| 245 | 1 | 0 | _aMenopauses |
| 246 | _aa practical, self help guide for women | ||
| 260 |
_aLondon _bSheldon Press _c1984 |
||
| 300 | _a114p. : ill. | ||
| 350 | _a0.00 | ||
| 995 |
_D0.00 _FCBU-MAIN LIBRARY (Kitwe) _H1 _I2.95 _M1 _UAVAILABLE _WApr 20, 2007 _ZMain Library Open Access Collection |
||
| 999 |
_c50990 _d50990 |
||